000 00919nam a22002777a 4500
003 CHAP
005 20220329135821.0
008 971013s1962 r 00010 d
010 _a42753
011 _a43725
035 _a47862
040 _cCHAP
082 _a631.44
_bE89sY
110 _aE.U.A. Soil Conservation Service
_934964
245 _a7a. aproximación ; un sistema comprensible de clasificación de suelos
260 _a(Buenos Aires) :
_bInstituto Nacional de Tecnología Agropecuaria,
_c1962
300 _a144 p.
_b; apénd.
590 _aBATCH-UPD
_b10
_c20130110
_lUCH01
_h2022
590 _aBATCH-UPD
_b10
_c20130410
_lUCH01
_h1340
590 _aBATCH-UPD
_b10
_c20130914
_lUCH01
_h2037
590 _aCONVERSION
_b10
_c20130109
_lUCH01
_h1324
650 1 4 _aSuelos
_xClasificación.
_9110239
901 _aBK
942 _cLIBRO
949 _a631.44 E89sY
_bBC
_cLIBRO
_d33724000561841
_eLIBRO
_h21315
_i47862
_si
999 _c42753
_d42753